Los grandes caciques de la pampa /
Guardado en:
| Autor Principal: | |
|---|---|
| Formato: | Libro |
| Publicado: |
Buenos Aires :
Del Candil,
1967
|
| Series: | Coleccion Historia ; 2
|
| Materias: | |
| Etiquetas: |
Agregar Etiqueta
Sin Etiquetas, Sea el primero en etiquetar este registro!
|
| LEADER | 00567nam a22001935a 4500 | ||
|---|---|---|---|
| 001 | EHU.bham024923 | ||
| 003 | AR-BHAM | ||
| 005 | 20130508103615.0 | ||
| 008 | 130507s1967##################000#0#####d | ||
| 082 | 9 | 8 | |a 982.7 |
| 100 | 1 | |a Franco, Luis | |
| 245 | 1 | 0 | |a Los grandes caciques de la pampa / |c Luis Franco |
| 260 | |a Buenos Aires : |b Del Candil, |c 1967 | ||
| 300 | |a 131 p. | ||
| 490 | 0 | |a Coleccion Historia ; 2 | |
| 653 | |a Donacion lejarraga | ||
| 653 | |a Indigenas-argentina | ||
| 653 | |a Historia argentina | ||
| 859 | |a AR-BHAM |b BIB. HUMANIDADES - General |h 982.7 |i F848 |p 642.02 |t Ej.1 | ||
